Office management and communication. (Record no. 101891)
[ view plain ]
| 000 -LEADER | |
|---|---|
| fixed length control field | 00609nam a2200241Ia 4500 |
| 003 - CONTROL NUMBER IDENTIFIER | |
| control field | OSt |
| 005 - DATE AND TIME OF LATEST TRANSACTION | |
| control field | 20231103162548.0 |
| 008 - FIXED-LENGTH DATA ELEMENTS--GENERAL INFORMATION | |
| fixed length control field | 210210b1998 xxu||||| |||| 00| 0 eng d |
| 040 ## - CATALOGING SOURCE | |
| Transcribing agency | AL |
| 041 ## - LANGUAGE CODE | |
| Language code of text/sound track or separate title | English |
| 082 ## - DEWEY DECIMAL CLASSIFICATION NUMBER | |
| Classification number | 651 RAMO |
| 100 ## - MAIN ENTRY--PERSONAL NAME | |
| Personal name | RAMAN (B S) |
| 9 (RLIN) | 140767 |
| 245 ## - TITLE STATEMENT | |
| Title | Office management and communication. |
| 260 ## - PUBLICATION, DISTRIBUTION, ETC. | |
| Place of publication, distribution, etc. | Mangalore. |
| Name of publisher, distributor, etc. | United Publishers, |
| Date of publication, distribution, etc. | 1998 |
| 300 ## - PHYSICAL DESCRIPTION | |
| Extent | vi,511 |
| 650 ## - SUBJECT ADDED ENTRY--TOPICAL TERM | |
| Topical term or geographic name entry element | Office |
| 9 (RLIN) | 140768 |
| 650 ## - SUBJECT ADDED ENTRY--TOPICAL TERM | |
| Topical term or geographic name entry element | management |
| 9 (RLIN) | 140769 |
| 650 ## - SUBJECT ADDED ENTRY--TOPICAL TERM | |
| Topical term or geographic name entry element | communication. |
| 9 (RLIN) | 140770 |
| 650 ## - SUBJECT ADDED ENTRY--TOPICAL TERM | |
| Topical term or geographic name entry element | and |
| 9 (RLIN) | 140771 |
| 690 ## - LOCAL SUBJECT ADDED ENTRY--TOPICAL TERM (OCLC, RLIN) | |
| Topical term or geographic name as entry element | Office Management |
| 9 (RLIN) | 140772 |
| 906 ## - LOCAL DATA ELEMENT F, LDF (RLIN) | |
| a | 054018 |
| 942 ## - ADDED ENTRY ELEMENTS (KOHA) | |
| Source of classification or shelving scheme | Dewey Decimal Classification |
| Koha item type | Book |
| Withdrawn status | Lost status | Source of classification or shelving scheme | Damaged status | Not for loan | Collection code | Home library | Current library | Shelving location | Date acquired | Cost, normal purchase price | Total Checkouts | Full call number | Barcode | Date last seen | Price effective from | Koha item type |
|---|---|---|---|---|---|---|---|---|---|---|---|---|---|---|---|---|
| Dewey Decimal Classification | Management | St Aloysius Library | St Aloysius Library | Secondary stack section | 02/17/2021 | 100.00 | 651 RAMO | 054018 | 02/17/2021 | 02/17/2021 | Book | |||||
| Dewey Decimal Classification | Management | St Aloysius Library | St Aloysius Library | Secondary stack section | 02/17/2021 | 100.00 | 651 RAMO | 054354 | 02/17/2021 | 02/17/2021 | Book | |||||
| St Aloysius Library | St Aloysius Library | 02/17/2021 | 100.00 | 651 RAMO | 054356 | 02/17/2021 | 02/17/2021 | Book | ||||||||
| Dewey Decimal Classification | Management | St Aloysius Library | St Aloysius Library | Secondary stack section | 02/17/2021 | 100.00 | 651 RAMO | 054355 | 02/17/2021 | 02/17/2021 | Book | |||||
| St Aloysius Library | St Aloysius Library | 02/17/2021 | 100.00 | 651 RAMO | 054357 | 02/17/2021 | 02/17/2021 | Book | ||||||||
| St Aloysius Library | St Aloysius Library | 02/17/2021 | 100.00 | 651 RAMO | 054624 | 02/17/2021 | 02/17/2021 | Book |